| 000 | 00836nam a2200205Ia 4500 | ||
|---|---|---|---|
| 001 | Z_5462 | ||
| 008 | 220601s9999 xx 000 0 und d | ||
| 090 | _aTesis H 1970 | ||
| 100 |
_aHerrera Monsalvo, Carlos Delfino _954912 |
||
| 245 | _aEvaluación del comportamiento productivo y reproductivo de vacas Holstein con diferentes características productivas asignadas al mismo régimen / Carlos Delfino Herrera Monsalvo | ||
| 260 | _aChapingo, Méx. : El autor | ||
| 300 | _a82 h.82 h. | ||
| 502 | _aTesis (Ing. Agr. Esp. en Zootecnia) -- UACH. Departamento de Zootecnia | ||
| 650 |
_a1. Ganado Holstein 2. Ganado lechero - Reproducción 3. Ganado lechero - ProducciónÌ _9182387 |
||
| 901 | _aTESIS H 1970 | ||
| 902 | _aM | ||
| 905 | _a0000002006 0000000000 00 | ||
| 942 | _c2 | ||
| 999 |
_c216969 _d216969 |
||